| 000 | 00619nam a2200217 i 4500 | ||
|---|---|---|---|
| 001 | bg | ||
| 100 | 1 |
_aGoliński, Józef _d(1916- ). |
|
| 245 | 1 | 0 |
_aWibroizolacja maszyn i urządzeń / _cJózef Goliński. |
| 260 |
_aWarszawa : _bWydawnictwa Naukowo-Techniczne, _c1979. |
||
| 300 |
_as. 346, nlb. 2 : _brys., tab. |
||
| 504 | _a[Zawiera bibliogr. s. 34-342]. | ||
| 650 | 9 |
_aMaszyny _xmechanika |
|
| 650 | 9 | _aDrgania | |
| 650 | 9 | _aWibroizolacje | |
| 655 | _aPodręczniki akademickie | ||
| 040 | _cBPK | ||
| 041 | _apol | ||
| 080 | _a621:534](075.8) | ||
| 942 | _cKS | ||
| 008 | s pl f |000 0 pol | ||
| 999 |
_c18978 _d18978 |
||
| 856 |
_uhttp://koha.tu.koszalin.pl/cgi-bin/koha/opac-detail.pl?biblionumber=18978 _yKatalog online BPK |
||